Child labor: lessons from the historical experience of today's industrial economies (Record no. 59554)

000 -LEADER
fixed length control field 00417pab a2200145 454500
008 - FIXED-LENGTH DATA ELEMENTS--GENERAL INFORMATION
fixed length control field 180718b2003 xxu||||| |||| 00| 0 eng d
100 ## - MAIN ENTRY--PERSONAL NAME
Personal name Humphries, Jane
245 ## - TITLE STATEMENT
Title Child labor: lessons from the historical experience of today's industrial economies
260 ## - PUBLICATION, DISTRIBUTION, ETC.
Date of publication, distribution, etc. 2003
300 ## - PHYSICAL DESCRIPTION
Extent p.175-96.
650 ## - SUBJECT ADDED ENTRY--TOPICAL TERM
Topical term or geographic name entry element Industrial economics
650 ## - SUBJECT ADDED ENTRY--TOPICAL TERM
Topical term or geographic name entry element Child labour
773 ## - HOST ITEM ENTRY
Main entry heading World Bank Economic Review
909 ## -
-- 59554
Holdings
Withdrawn status Lost status Damaged status Not for loan Permanent Location Current Location Date acquired Serial Enumeration / chronology Barcode Date last seen Price effective from Koha item type
        Indian Institute of Public Administration Indian Institute of Public Administration 2018-07-19 Volume no: 17, Issue no: 2 AR59999 2018-07-19 2018-07-19 Articles

Powered by Koha